<?xml version="1.0" encoding="UTF-8"?>
<record
    xmlns:xsi="http://www.w3.org/2001/XMLSchema-instance"
    xsi:schemaLocation="http://www.loc.gov/MARC21/slim http://www.loc.gov/standards/marcxml/schema/MARC21slim.xsd"
    xmlns="http://www.loc.gov/MARC21/slim">

  <leader>01105nam a2200265 a 4500</leader>
  <controlfield tag="001">BRL_1704</controlfield>
  <controlfield tag="005">20190320211330.0</controlfield>
  <controlfield tag="008">270514s1988----ve-abo####---#000-0#spa-#</controlfield>
  <datafield tag="020" ind1=" " ind2=" ">
    <subfield code="a">9806057074</subfield>
  </datafield>
  <datafield tag="041" ind1=" " ind2=" ">
    <subfield code="a">spa</subfield>
  </datafield>
  <datafield tag="044" ind1=" " ind2=" ">
    <subfield code="a">ve</subfield>
  </datafield>
  <datafield tag="050" ind1=" " ind2="4">
    <subfield code="a">GN301.A43</subfield>
    <subfield code="b">.M87 1988</subfield>
  </datafield>
  <datafield tag="110" ind1="2" ind2=" ">
    <subfield code="a">Museo Etnol&#xF3;gico Monse&#xF1;or Enzo Ceccarelli</subfield>
    <subfield code="9">27677</subfield>
  </datafield>
  <datafield tag="245" ind1="1" ind2="0">
    <subfield code="a">Arte y vida</subfield>
    <subfield code="b">cat&#xE1;logo del Museo Etnol&#xF3;gico &#xB4;Mons. Enzo Ceccarelli&#xB4; (Territorio Federal Amazonas)</subfield>
    <subfield code="c">redacci&#xF3;n y selecci&#xF3;n de textos y r&#xF3;tulos Alejandro J. Signi S&#xE1;nchez ; fotograf&#xED;as Tom Osso...[et al.] ; ilustraciones Juan Dom&#xED;nguez.</subfield>
  </datafield>
  <datafield tag="260" ind1=" " ind2=" ">
    <subfield code="a">Caracas, Venezuela</subfield>
    <subfield code="b">Vicariato Apost&#xF3;lico de Puerto Ayacucho</subfield>
    <subfield code="c">1988</subfield>
  </datafield>
  <datafield tag="300" ind1=" " ind2=" ">
    <subfield code="a">233 p.</subfield>
    <subfield code="b">il., mapas, fotograf&#xED;as</subfield>
    <subfield code="c">23 cm.</subfield>
  </datafield>
  <datafield tag="500" ind1=" " ind2=" ">
    <subfield code="a">Au2132</subfield>
  </datafield>
  <datafield tag="610" ind1="2" ind2="4">
    <subfield code="a">Museo Etnol&#xF3;gico Monse&#xF1;or Enzo Ceccarelli (Amazonas : Venezuela)</subfield>
    <subfield code="v">Catalogos</subfield>
    <subfield code="9">27678</subfield>
  </datafield>
  <datafield tag="650" ind1="1" ind2="4">
    <subfield code="a">Ind&#xED;genas de Am&#xE9;rica del Sur</subfield>
    <subfield code="z">Amazonas (Venezuela)</subfield>
    <subfield code="9">27679</subfield>
  </datafield>
  <datafield tag="700" ind1="1" ind2=" ">
    <subfield code="a">Signi S&#xE1;ncgez, Alejandro J.</subfield>
    <subfield code="9">27680</subfield>
  </datafield>
  <datafield tag="700" ind1="1" ind2=" ">
    <subfield code="a">Osso, Tom</subfield>
    <subfield code="e">il.</subfield>
    <subfield code="9">27681</subfield>
  </datafield>
  <datafield tag="700" ind1="1" ind2=" ">
    <subfield code="a">Dom&#xED;nguez, Juan</subfield>
    <subfield code="e">il.</subfield>
    <subfield code="9">27682</subfield>
  </datafield>
  <datafield tag="902" ind1=" " ind2=" ">
    <subfield code="a">GRL</subfield>
  </datafield>
  <datafield tag="942" ind1=" " ind2=" ">
    <subfield code="2">lcc</subfield>
    <subfield code="c">B</subfield>
  </datafield>
  <datafield tag="999" ind1=" " ind2=" ">
    <subfield code="c">10512</subfield>
    <subfield code="d">10512</subfield>
  </datafield>
  <datafield tag="952" ind1=" " ind2=" ">
    <subfield code="0">0</subfield>
    <subfield code="1">0</subfield>
    <subfield code="4">0</subfield>
    <subfield code="7">0</subfield>
    <subfield code="a">BRL</subfield>
    <subfield code="b">BRL</subfield>
    <subfield code="d">2014-05-27</subfield>
    <subfield code="i">Au2132</subfield>
    <subfield code="l">0</subfield>
    <subfield code="o">GN301.A43 .M87 1988 (Au2132)</subfield>
    <subfield code="p">GRL01870</subfield>
    <subfield code="r">2019-03-22 00:00:00</subfield>
    <subfield code="w">2019-03-22</subfield>
    <subfield code="y">B</subfield>
  </datafield>
</record>
